Word Ladder: The Body's Extra Padding Quiz Stats

 Plays Quiz Updated Sep 27, 2018

Score 0/28 Timer 03:00
2 Plays Today
Hint 4-Letter Word % Correct
•A place to sit in an automobile••SEAT•
95.5%
FDR: 'The only thing we have to ___ is ___ itself'FEAR
92.8%
A tusked wild hogBOAR
92.5%
Professional wrestling move: Body ___SLAM
92.3%
A great achievementFEAT
91.8%
Dishwashing basinSINK
91.2%
•AC/DC album: '___ in Black'••BACK•
90.6%
Stitching on a baseballSEAM
89.9%
Trigonometric functionSINE
89%
Physically or mentally illSICK
88.9%
•Sith power source, 'Dark ___ of the Force'••SIDE•
88.6%
The smallest of the litterRUNT
88%
With 'Fast', popular diet shakeSLIM
87.5%
Activity at an amusement parkRIDE
87%
Hint 4-Letter Word % Correct
•Breed and raise an animal••REAR•
86.6%
'A Tale of Two Cities' or 'War and Peace', e.g.BOOK
86.6%
2013 Katy Perry hit singleROAR
86.5%
To fire someone in the UKSACK
85.9%
Sacrificial baseball move by a batterBUNT
82%
Strong, dark brew of beerBOCK
81.3%
A rude or iconoclastic personBOOR
80.9%
Lost one's footingSLID
77.6%
'I'm Too Sexy' artist, Right ___ FredSAID
77.4%
An ancient characterRUNE
75%
Song by MAGIC!RUDE
74.3%
Maneuver a schoonerSAIL
74.1%
•Be on the wrong end of a joke••BUTT•
68.3%
•Term for when a spy or cop secretly pursues someone••TAIL•
65.1%

Today's Daily Dose

Missing Word
Sherlocks

Word Ladder
King of the Hill

Quick Pick
Songs in Pink

Get the Picture
NBA Teammates

You're not logged in!

Compare scores with friends on all Sporcle quizzes.
OR
Log In

Sporcle TV

Today on Sporcle TV


Watch our educational content, quiz creation guides, and fun videos on Sporcle TV.

Show Comments

Extras

Top Quizzes Today


Score Distribution

Your Account Isn't Verified!

In order to create a playlist on Sporcle, you need to verify the email address you used during registration. Go to your Sporcle Settings to finish the process.

Report this User

Report this user for behavior that violates our Community Guidelines.

Details: